| 000 | 00907nam a22001577a 4500 | ||
|---|---|---|---|
| 003 | OSt | ||
| 005 | 20160506100821.0 | ||
| 008 | 160506b xxu||||| |||| 00| 0 eng d | ||
| 040 | _cRUA | ||
| 082 | _aFIS SUO 2003 B470 Or.1 | ||
| 100 |
_98317 _aSUONG PISETH; សួង ពិសិដ្ធ |
||
| 245 | _aAfrican hybrid catfish nourishment in the tank at prek chang village kompong samnanh commune takhmau district kandal province; ការចិញ្ចឹមបំប៉នកូនត្រីអណ្តែងកូនកាត់អាព្រិចនៅក្នុងអាងស៊ីម៉ង់តិ៏ នៅក្នុងភូមិព្រែកចាំង ឃុំកំពង់សំណាញ់ ស្រុកតាខ្មៅ ស្ថិតក្នុងខេត្តកណ្ដាល | ||
| 260 |
_aRUA _bPhnom Penh _c2003 |
||
| 300 |
_a43p. _bill. _c29cm. |
||
| 942 |
_2ddc _cFIS |
||
| 999 |
_c7969 _d7969 |
||